| 000 -ლიდერი |
| ფიქსირებული სიგრძის საკონტროლო ველი |
00745nam a22001817a 4500 |
| 003 - საკონტროლო ნომრის იდენტიფიკატორი |
| საკონტროლო ველი |
Ge_BSU |
| 005 - ბოლო ოპერაციის თარიღი და დრო |
| საკონტროლო ველი |
20251020151112.0 |
| 008 - ფიქსირებული სიგრძის მონაცემთა ელემენტები - ზოგადი ინფორმაცია |
| ფიქსირებული სიგრძის საკონტროლო ველი |
251020s1944 ge ||||| |||| 00| 0 geo d |
| 041 ## - ენის კოდი |
| Language code of text/sound track or separate title |
geo |
| 080 ## - უნივერსალური ათობითი კლასიფიკაციის ინდექსი |
| Universal Decimal Classification number |
631.115.6 ჟ-89 |
| 100 ## - მთავარი ჩანაწერი - პიროვნების სახელი |
| Personal name |
ჟუიკოვი, გ.გ. |
| 9 (RLIN) |
26067 |
| 245 ## - ცნობა სათაურის შესახებ |
| Title |
პირველადი აღრიცხვა კოლმეურნეობებში / |
| Statement of responsibility, etc |
გ.გ. ჟუიკოვი, ა.პ. კრასნოვი. |
| 264 ## - წარმოების, გამოცემის, დისტრიბუციის და სხვა ცნობები |
| გამოცემის, წარმოების, დისტრიბუციის... ადგილი |
თბილისი : |
| გამოცემის, წარმოების, დისტრიბუციის... სახელწოდება |
სახელგამი, |
| გამოცემის, წარმოების, დისტრიბუციის... თარიღი |
1944. |
| 300 ## - ფიზიკური აღწერა |
| Extent |
92 გვ. ; |
| Other physical details |
21 სმ. |
| 653 ## - INDEX TERM--UNCONTROLLED |
| Uncontrolled term |
კოლმეურნეობები |
| 700 ## - ADDED ENTRY--PERSONAL NAME |
| Personal name |
კრასნოვი, ა.პ. |
| Relator term |
ავტორი |
| 9 (RLIN) |
26068 |
| 942 ## - ADDED ENTRY ELEMENTS (KOHA) |
| Source of classification or shelving scheme |
|
| Koha item type |
წიგნი |